<?xml version="1.0" encoding="UTF-8"?>
<collection xmlns="http://www.loc.gov/MARC21/slim">
 <record>
  <leader>00448pamaa2200157   4500</leader>
  <controlfield tag="001">0000011489</controlfield>
  <controlfield tag="005">20060526090000.0</controlfield>
  <datafield tag="020" ind1="0" ind2="0">
   <subfield code="a">0750608773 </subfield>
  </datafield>
  <datafield tag="082" ind1=" " ind2=" ">
   <subfield code="a">338.4791 FRE 1996</subfield>
  </datafield>
  <datafield tag="090" ind1="0" ind2="0">
   <subfield code="a">G154.7 </subfield>
   <subfield code="b">FRE 1996</subfield>
  </datafield>
  <datafield tag="100" ind1="1" ind2="0">
   <subfield code="a">FRECHTLING </subfield>
  </datafield>
  <datafield tag="245" ind1="1" ind2="0">
   <subfield code="a">Practical tourism forecasting  </subfield>
   <subfield code="c">Douglas C. Frechtling.</subfield>
  </datafield>
  <datafield tag="260" ind1="0" ind2="0">
   <subfield code="a">Oxford: </subfield>
   <subfield code="b">Butterworth Heinemann, </subfield>
   <subfield code="c">1996.</subfield>
  </datafield>
  <datafield tag="300" ind1=" " ind2=" ">
   <subfield code="a">xviii, 245p.: </subfield>
   <subfield code="b">24cm.</subfield>
  </datafield>
  <datafield tag="650" ind1="0" ind2="0">
   <subfield code="a">Tourist trade -- </subfield>
   <subfield code="x">Forecasting </subfield>
  </datafield>
  <datafield tag="650" ind1="0" ind2="0">
   <subfield code="a">Tourist trade </subfield>
  </datafield>
 </record>
</collection>
